000 00302nam a22001337a 4500
008 171020b xxu||||| |||| 00| 0 eng d
020 _a0131404458
041 _aeng
080 _28TH
_a338
100 _a54
101 _aMIS
245 _aMANAGEMENT INFORMATION SYSTEMS
_cLAUDON,K.C
942 _2udc
_cBK
999 _c35097
_d35097